000 00400nam a2200169Ia 4500
008 230711s9999||||xx |||||||||||||| ||und||
041 _aENG
082 _a720
_bMA-R
100 _aPeter Morgan
245 0 _aRetail development
250 _a3rd Ed.
260 _c1988
_aNew Jersy
_bEstates Gazette Publication
300 _a152
650 _aArchitecture
700 _aAnthony Walker
942 _cBK
999 _c2824
_d2824